| 000 | 00712nam a2200241Ia 4500 | ||
|---|---|---|---|
| 003 | OSt | ||
| 005 | 20220927115039.0 | ||
| 006 | a|||||r|||| 00| 0 | ||
| 007 | ta | ||
| 008 | 220926b |||||||| |||| 00| 0 eng d | ||
| 024 | _a83652 | ||
| 037 | _cThesis and Dissertations | ||
| 040 |
_aRTL _cRTL _beng |
||
| 041 |
_2eng _aeng |
||
| 082 | _a"X9(D2).1.N7, L6" | ||
| 100 |
_aFakuda Hitoshi _9390234 |
||
| 245 | 0 |
_aIrrigation in the world _b comparative development |
|
| 260 |
_aTokyo _bUniversity Press Japan _c1976 |
||
| 300 |
_a"xii,329p." _ccm. |
||
| 650 | _aEngineering | ||
| 942 |
_h"X9(D2).1.N7, L6" _cCC |
||
| 999 |
_c705549 _d705549 |
||